000 00673nam a2200241Ia 4500
003 OSt
005 20220918222358.0
006 a|||||r|||| 00| 0
007 ta
008 220917b |||||||| |||| 00| 0 eng d
024 _a216,729
037 _cTextual
040 _aARTS
_cARTS
_beng
041 _2eng
_aeng
082 _aO111,2x:g, P2(TTO)
100 _aMcDonald Ronan
_9143028
245 0 _aTragedy and Irish literature
_b Synge, O'casey, Becket
260 _aNew York
_bPalgrave
_c2002
300 _axi, 201p
_ccm.
650 _aENGLISH LITERATURE
942 _hO111,2x:g, P2(TTO)
_cTEXL
_2CC
999 _c275396
_d275396